00723nam a2200181 a 450000100100000000500170001000800410002704000250006808200150009310000330010824500570014126000290019830000270022759000750025404900090032995201860033899900170052400003489220200930073952.0111021s1965 mx 000 0 spa d aDO-SdBNPbspacBNPHU axxxxbE85m1 aEttinghausen, Richard96045110aMiniaturas turcas /cTextos de Richard Ettinghausen. aMexico :bHermes,c1965. a28 p. :bil. ;c17 cm. aPerteneció a la biblioteca personal de Juan Isidro Jimenes Grullón aBNPD 001050718MOaGRbGRcCTd2011-10-21iLF1l0oxxxx E85mp34892-10r2020-06-25w2020-06-25y1zPerteneció a la biblioteca personal de Juan Isidro Jimenes GrullónZNo se presta c34383d34383